| 000 | 00508cam a2200205ua 4500 | ||
|---|---|---|---|
| 001 | 8210 | ||
| 005 | 20260515114315.0 | ||
| 008 | 150110n ii |||gr||||Z||||||hin | ||
| 040 | _cMAIN | ||
| 041 | _ahin | ||
| 082 | _a891.43 | ||
| 100 |
_aSingh, V., _eAuthor. |
||
| 245 |
_aMahadevi Varma ka gadya sahitya _cBy Vimala Singh |
||
| 250 | _a1st. | ||
| 260 |
_aVaranasi: _bSanjay, _c1986. |
||
| 300 | _a223p. | ||
| 653 | _aEast Indo-European & Celtic literatures | ||
| 653 | _aHindi literature | ||
| 942 | _cBK | ||
| 999 |
_c7320 _d7320 |
||